A 2020 vision for food, agriculture, and the environment : (Record no. 8367)

MARC details
000 -LEADER
fixed length control field 00719nam a22002052 4500
001 - CONTROL NUMBER
control field 0000012893
005 - DATE AND TIME OF LATEST TRANSACTION
control field 20151217152117.0
008 - FIXED-LENGTH DATA ELEMENTS--GENERAL INFORMATION
fixed length control field 090330s xx 000 0 eng d
040 ## - CATALOGING SOURCE
Original cataloging agency KABU
Transcribing agency KABU
245 12 - TITLE STATEMENT
Title A 2020 vision for food, agriculture, and the environment :
Remainder of title the vision, challenge, and recommended action.
250 ## - EDITION STATEMENT
Edition statement 1st ed.
260 ## - PUBLICATION, DISTRIBUTION, ETC. (IMPRINT)
Place of publication, distribution, etc. Washington, D. C. :
Name of publisher, distributor, etc. IFPRI,
Date of publication, distribution, etc. 1995.
300 ## - PHYSICAL DESCRIPTION
Extent vi, 50 p.
650 #0 - SUBJECT ADDED ENTRY--TOPICAL TERM
Topical term or geographic name as entry element Agriculture and state
General subdivision Forecasting.
-- 0000169880
650 #0 - SUBJECT ADDED ENTRY--TOPICAL TERM
Topical term or geographic name as entry element Food supply
General subdivision Forecasting.
-- 0000169881
650 #0 - SUBJECT ADDED ENTRY--TOPICAL TERM
Topical term or geographic name as entry element Agriculture
General subdivision Environmental aspects
-- Forecasting.
-- 0000169882
852 1# - LOCATION
-- p500 KES
908 ## - PUT COMMAND PARAMETER (RLIN)
Put command parameter 090330
950 ## - LOCAL HOLDINGS (RLIN)
-- 1
Holdings
Withdrawn status Lost status Source of classification or shelving scheme Not for loan Home library Current library Date acquired Total Checkouts Full call number Barcode Date last seen Price effective from Koha item type
    Library of Congress Classification   Kabarak, Main Campus Kabarak, Main Campus 17/12/2015   HD9000.6 .T94 1995 c. 1 17442 02/08/2024 17/12/2015 General Collection
Designed with assistance from East African Informatics Ltd